1044 1974 1978 1089 1865 1021 1632 1185 1147 1951 1776 1617 1623 1921 1345 1576 1030 1551 1386 1764 1895 1315 1533 1850 1218 1008 1594 1193 1932 1725 1853 1666 1850 1891 1858 1487 1440 1278 1303 1652 1929 1515 1285 1739 1824 1493 1765 1559 1375 1852 1104 1985 1141 1517 1390 1967 1830 1842 1190 1332 1044 1691 1984 1425 1700 1591 1615 1350 1838 1201 1036 1547 1649 1982 1970 1854 1140 1825 1794 1483 1527 1299 1649 1899 1516 1715 1267 1419 1651 1755 1715 1636 1153 1979 1711 1441 1536 1380 1389 BCNSPRNW ULIB Ver.6.0+V

เปลี่ยนเป็นภาษาไทย

Change to English
 แสดงรายละเอียดบรรณานุกรม
  กลับหน้าหลัก

Brief Record : Get Marc (ISO 2709) : E-mail record : QR code < ปิดหน้าต่าง
LEADER : 00000nam 2200000uu 4500
001    13399122770
003     ULIB
008    130917s2555||||th 000 0 tha d
020    ^a9786162791079
060 04 ^aWB105^bฟ692
110 1  ^aภาควิชาเวชศาสตร์ฉุกเฉิน คณะแพทยศาสตร์ศิริราชพยาบาล มหาวิทยาลัยมหิดล
245 00 ^aFirst Hour in Emergency Room :^bthe practical approach 2012 /^cภาควิชาเวชศาสตร์ฉุกเฉิน คณะแพทยศาสตร์ศิริราชพยาบาล มหาวิทยาลัยมหิดล.
250    ^aพิมพ์ครั้งที่ 1.
260    ^aกรุงเทพฯ :^bภาควิชาเวชศาสตร์ฉุกเฉิน คณะแพทยศาสตร์ศิริราชพยาบาล มหาวิทยาลัยมหิดล,^c2555.
300    ^a371 หน้า :^bภาพประกอบ ;^c30 ซม.
505 0  ^a-- Future trend in Thai emergency medicine -- Hoe to improve outcome in cardiac arrest patients: New guideline and devices -- What''''''''''''''''''''''''''''''''s new in pediatric cardiopulmonary resuscitation (CPR) 2010 guidelines? -- Neonatal Resusctation Update 2010 -- First hour management of septic shock -- Early goal directed therapy in pediatric septic shock -- Approach to acute dyspnea -- Non-invasive ventitation in ER setting -- การดูแลระบบทางเดินหายใจในสถานการณ์ฉุกเฉิน -- การปรับเครื่องช่วยหายใจสำหรับผู้ป่วยในห้องฉุกเฉิน -- ความผิดปกติของคลื่นไฟฟ้าหัวใจที่พบบ่อยในห้องฉุกเฉิน -- Acute ST segment elevation myocardial infarction -- การดูแลผู้ป่วยเจ็บหน้าอกที่มีความเสี่ยงต่อการเป็นโรคหลอดเลือดหัวใจต่ำ -- Acute Aortic Dissection -- ภาวะทางเดินอาหารอุดตัน -- การตั้งครรภ์นอกมดลูก -- Acute Stroke Care: Improving the Recognition and Management of acute Stroke -- Imaging of acute ischemic stroke -- การรักษาภาวะสมองขาดเลือดเฉียบพลันโดยการใส่สายสวนหลอดเลือดแดง -- การประเมินและช่วยเหลือเบื้องต้นในผู้ป่วยที่ได้รับบาดเจ็บแผลไฟไหม้ -- การดูแลผู้ป่วยทางพิษวิทยาที่ห้องฉุกเฉิน 2012 -- พิษวิทยาที่พบบ่อยในเด็ก -- การดูแลผู้ป่วยจากการปนเปื้อนวัตถุอันตราย -- Update Pre-hospital Care 2012^b
650  7 ^aการพยาบาลฉุกเฉิน
650  7 ^aภาวะฉุกเฉิน^xการรักษา
653    ^aผลงานอาจารย์คณะแพทยศาสตร์ศิริราชพยาบาล
700 0  ^aไชยรัตนฺ เพิ่มพิกุล,^eบรรณาธิการ
700 0  ^aทิพา ชาคร,^eบรรณาธิการ
710 2  ^aมหาวิทยาลัยมหิดล. ^bคณะแพทยศาสตร์ศิริราชพยาบาล. ^bภาควิชาเวชศาสตร์ฉุกเฉิน
945    ^p350^l0^i20221
945    ^p350^l0^i20222
999    ^aทศพร เกษรทอง
รายการนี้ยังไม่มีแท็ก
คุณยังไม่ได้ล็อกอิน คุณสามารถมีกิจกรรมร่วมกับเว็บไซต์ได้ แต่ต้องล็อกอินก่อน ::
  ล็อกอิน

รายการสื่อสารสนเทศ

ลำดับที่ ประเภท เลขเรียก/บาร์โค้ด สถานที่ สถานะ
1. วิทยาศาสตร์การแพทย์ และสุขภาพ
วิทยาศาสตร์การแพทย์ และสุขภาพ
สถานะ=หนังสือเก่า
WB105 ฟ692 ฉ.1 
  Barcode: 20221
ห้องสมุดวิทยาเขตนครสวรรค์
►ส่วนจัดเก็บหนังสือเก่า นว.
บนชั้น
  ขอยืม
2. วิทยาศาสตร์การแพทย์ และสุขภาพ
วิทยาศาสตร์การแพทย์ และสุขภาพ
สถานะ=หนังสือเก่า
WB105 ฟ692 ฉ.2 
  Barcode: 20222
ห้องสมุดวิทยาเขตนครสวรรค์
►ส่วนจัดเก็บหนังสือเก่า นว.
บนชั้น
  ขอยืม

รายการใกล้เคียง
    หัวเรื่อง [การพยาบาลฉุกเฉิน]

BibComment


ยังไม่เคยถูกคอมเมนท์

คอมเมนท์ทรัพยากรรายการนี้
  คอมเมนท์: First Hour in Em..


 Copyright 2026. Bcnsprnw @Library